000
00314 a2200157 4500
001
187680
020
_a
85-342-1555-3
040
_c
Magnum
100
_a
Piffer, Osvaldo
240
1
0
_a
Geocontexto
_l
por
245
1
0
_a
Geocontexto
300
_a
368
362
0
_a
2005
697
_a
GEOGRAFIA GERAL
942
_c
BK
999
_c
187680
_d
187680